000 00333nam a2200133Ia 4500
008 240624s9999 xx 000 0 und d
041 _aeng
082 _a659.1 REE
100 _aREEVES ROSSER
245 _aREALITY IN ADVERTISING
260 _c2015
_aNew Yrk
_bWidener Classics
300 _ax, : 154 : p. : cm. ; 25
365 _c
_b30
999 _c25597
_d25597